=LDR 00000nam 2200000 4500 =001 NUTBA000000000004640 =005 20250425014950 =035 ##$$a 0010-091400000000673 =008 250425################g##########0#ind## =040 ##$$a NBPDMAT =082 ##$$a 540.1 =090 ##$$a 540 $b Nan a =100 ##$$a Nana Sutresna =245 1#$$a Chemistry 2 A : $b Advanced learning for grade XI senior high shool mathematics and natural sciences programme /$c Nana Sutresna; editor, Astri Putri Perdana =260 ##$$a Bandung :$b Grafindo Media Pratama,$c 2014 =300 ##$$a xiv, 210 hlm. : $b ilus ; $c 25 x17cm =650 #4$$a Kimia SMA =020 ##$$a 978-602-01-1333-3 =084 ##$$a 540.1 NAN c =250 ##$$a Semesteran =700 #$$a Astri Putri Perdana =990 ##$$a 21410792 =990 ##$$a 21410793 =990 ##$$a 21410794 =990 ##$$a 21410795 =990 ##$$a 21410796 =990 ##$$a 21410796